00510nam a2200181Ia 4500003000900000008004100009040001600050080001500066100002800081245003000109260003200139300001600171650001700187650001400204942000700218999001300225952009000238IN-BaIIA211028s9999 xx 000 0 eng d cIIA Library a523.9bABB aAbbot, Charles G.91462 4aThe suncCharles G. Abbot aNew YorkbD. Appletonc1929 axxvi, 433p. aSolar system aSun91200 cBK c673d673 00104070aBANbKODcGENd0000-00-00l0o523.9/ ABBp696r2021-11-05w0000-00-00yBK